| 000 | 00611nam a2200193 i 4500 | ||
|---|---|---|---|
| 001 | 21018 | ||
| 003 | ES-MaACL | ||
| 005 | 20230906152413.0 | ||
| 007 | t| | ||
| 008 | 021120s1936 phl ||||1| eng d | ||
| 100 | 1 |
_aAfrica, Cándido M. _918519 |
|
| 245 | 1 | 0 |
_aFurther observations on the life cycle of Gnathostoma spinigarun / _cby Cándido M. Africa, Pedro G. Refuerso, Eusebio J. García. |
| 260 |
_aManila : _b[s.n.], _c1936. |
||
| 300 |
_a5 p. ; _c27 cm. |
||
| 700 | 1 |
_aRefuerso, Pedro G. _995864 |
|
| 700 | 1 |
_aGarcia, Eusebio J. _954018 |
|
| 852 |
_aES-MaACL _j1823-F-14 |
||
| 852 |
_aES-MaACL _j1823-F-13 |
||
| 999 |
_c21018 _d21018 |
||